Návrh princípu merania rýchlosti zliatkov pomocou laserového diaľkomera
Saved in:
| Main Author: | |
|---|---|
| Other Authors: | |
| Format: | Manuscript Book |
| Language: | Slovak |
| Published: |
2021
|
| Subjects: | |
| Online Access: | http://is.stuba.sk/zp/portal_zp.pl?podrobnosti=159536 |
| Tags: |
No Tags, Be the first to tag this record!
|
MARC
| LEADER | 00000ntm a22000003a 4500 | ||
|---|---|---|---|
| 001 | stuzp84521 | ||
| 003 | SK-STU | ||
| 005 | 20210717210351.1 | ||
| 007 | ta | ||
| 008 | 150427s2015----xo-----f-mn---000-0-slo-d | ||
| 040 | |a STU |b slo | ||
| 041 | 0 | |a slo | |
| 100 | 1 | |a Valent, Ján |u 020020 |4 aut |U SjF Strojnícka fakulta |T SjF Ústav automatizácie, merania a aplikovanej informatiky |X 98730 |U J0020 |Y 802 |7 98730 | |
| 242 | 0 | 1 | |a Design of the principle of measuring the speed of ingots using a laser rangefinder |y eng |
| 245 | 1 | 0 | |a Návrh princípu merania rýchlosti zliatkov pomocou laserového diaľkomera |
| 260 | |c 2021 | ||
| 650 | 4 | |a meranie rýchlosti |2 slo | |
| 650 | 4 | |a laserový snímač |2 slo | |
| 650 | 4 | |a ultrazvukový snímač |2 slo | |
| 650 | 4 | |a mikrokontrolér Arduino Uno |2 slo | |
| 650 | 4 | |a meranie vzdialenosti |2 slo | |
| 650 | 4 | |a distance measurement |2 eng | |
| 650 | 4 | |a speed measurement |2 eng | |
| 650 | 4 | |a laser rangefinder |2 eng | |
| 650 | 4 | |a ultrasonic rangefinder |2 eng | |
| 650 | 4 | |a microcontroller Arduino Uno |2 eng | |
| 700 | 1 | |a Bartalský, Lukáš |u 020020 |k Z1 |4 ths |U SjF Strojnícka fakulta |T SjF Ústav automatizácie, merania a aplikovanej informatiky |X 57845 |U J0020 |Y 802 |7 A000057845 | |
| 856 | 4 | |u http://is.stuba.sk/zp/portal_zp.pl?podrobnosti=159536 | |